|
|
|
|
| LEADER |
00000nas a2200000 a 4500 |
| 001 |
ssj0000991586 |
| 003 |
WaSeSS |
| 005 |
20200512172242.0 |
| 006 |
m d |
| 007 |
cr n |
| 008 |
130823c20uu9999nyud| n|s|||||| |0eng d |
| 035 |
|
|
|a (WaSeSS)ssj0000991586
|
| 040 |
|
|
|a WaSeSS
|c WaSeSS
|d WaSeSS
|
| 050 |
|
4 |
|a HG4551
|
| 130 |
0 |
|
|a PR newswire UK disclosure (London, England)
|
| 245 |
1 |
0 |
|a PR newswire UK disclosure
|h [electronic resource].
|
| 260 |
|
|
|a [New York] :
|b PR Newswire Association, LLC
|
| 310 |
|
|
|a Daily
|
| 506 |
|
|
|a License restrictions may limit access.
|
| 588 |
|
|
|a Description based on: November 29, 2005; title from title screen (NewsBank, viewed August 14, 2013).
|
| 588 |
|
|
|a Latest issue consulted: August 22, 2013 (viewed August 14, 2013).
|
| 650 |
|
0 |
|a Stock exchanges
|v Newspapers.
|
| 650 |
|
0 |
|a Disclosure of information
|v Newspapers.
|
| 655 |
|
0 |
|a Electronic journals.
|
| 856 |
4 |
0 |
|z Full text available from Research Library: 10/05/2012 to present
|u https://search.proquest.com/publication/1796339
|